000 00515nam a2200169 i 4500
001 86091
003 ES-MaACL
005 20230906175354.0
007 t|
008 041207s1963 sp ||||1| spa d
100 1 _aKany, Charles E.
_967511
245 1 0 _aSemántica hispanoamericana /
_cCharles E. Kany ; traducción del inglés de Luis Escolar Bareño.
260 _aMadrid :
_bAguilar,
_c[1963]
300 _a298 p. ;
_c22 cm.
700 1 _aEscolar Bareño, Luis.
_947605
852 _aES-MaACL
_jC-22984
_bR.51762
999 _c86091
_d86091